000 00448nam a2200133Ia 4500
005 20260328104307.0
008 260328s9999||||xx |||||||||||||| ||und||
100 _aInstituto de Desarrollo Experimental de la Construcción
245 0 _aTecnologia y Construcción /
_cInstituto de Desarrollo Experimental de la Construcción
260 _bVivienda y reforma del Estado
300 _a82 p.
650 _aCONSERVACIÓN Y RESTAURACIÓN
942 _cBK
999 _c10784
_d10784